000 00534nam a2200205 a 4500
005 20140310183243.0
008 040720s19uu xx 00 eng d
020 _a0205318886
050 _aPN 2061
_b.B39 2001
100 _aBenedetti, Robert
245 _aThe Actor at work /
_cRobert Benedetti.
250 _a8th ed
260 _aBoston :
_bAllyn and Bacon,
_c2001.
300 _axv, 256 p. ;
_bill. ;
_c24 cm.
500 _aIncludes index.
521 _aMC
650 _aActing.
942 _cBK
_2lcc
_kFOR
999 _c20642
_d20642